Score 0/56 Timer 10:00
0 Plays Today
% Correct
Ryan Zimmerman
99.2%
Ryan Zimmerman
99.2%
Bryce Harper
99.2%
Bryce Harper
99.2%
Max Scherzer
97.7%
Max Scherzer
97.7%
Jayson Werth
94.6%
Jayson Werth
94.6%
Stephen Strasburg
92.3%
Stephen Strasburg
92.3%
Dusty Baker
91.5%
Dusty Baker
91.5%
Gio Gonzalez
88.5%
Gio Gonzalez
88.5%
Daniel Murphy
87.7%
Daniel Murphy
87.7%
Anthony Rendon
85.4%
Anthony Rendon
85.4%
Adam LaRoche
83.8%
Adam LaRoche
83.8%
Alfonso Soriano
80.8%
Alfonso Soriano
80.8%
Trea Turner
80%
Trea Turner
80%
Livan Hernandez
80%
Livan Hernandez
80%
Ian Desmond
76.9%
Ian Desmond
76.9%
% Correct
Jordan Zimmermann
76.2%
Jordan Zimmermann
76.2%
Wilson Ramos
76.2%
Wilson Ramos
76.2%
Nick Johnson
74.6%
Nick Johnson
74.6%
Denard Span
73.8%
Denard Span
73.8%
Dave Martinez
73.1%
Dave Martinez
73.1%
Cristian Guzman
61.5%
Cristian Guzman
61.5%
Jim Riggleman
60%
Jim Riggleman
60%
Tanner Roark
56.9%
Tanner Roark
56.9%
Danny Espinosa
55.4%
Danny Espinosa
55.4%
Tyler Clippard
51.5%
Tyler Clippard
51.5%
Brian Schneider
48.5%
Brian Schneider
48.5%
Drew Storen
45.4%
Drew Storen
45.4%
John Lannan
38.5%
John Lannan
38.5%
Ryan Church
35.4%
Ryan Church
35.4%
Remove Ads.
Support Sporcle.
Get the best of Sporcle when you Go Orange. This ad-free experience offers more features, more stats, and more fun while also helping to support Sporcle. Thank you for becoming a member.

You're not logged in!

Compare scores with friends on all Sporcle quizzes.
OR
Log In

Show Comments

Extras

Top Quizzes Today


Score Distribution

Your Account Isn't Verified!

In order to create a playlist on Sporcle, you need to verify the email address you used during registration. Go to your Sporcle Settings to finish the process.

Report this User

Report this user for behavior that violates our Community Guidelines.

Details: